MDQL
is popping MORE tags! Check the
thread
!
Quizzes
Events
Quiz Creation
Community
Videos
Private Events
Remove Ads
Sign In
Join for FREE
Feedback
Dark Mode
Quiz Categories
Sports
Geography
Music
Movies
Television
Just For Fun
Miscellaneous
History
Literature
Language
Science
Gaming
Entertainment
Religion
Holiday
For Kids
Quiz Lab
Recent
Popular Today
Quiz Kudos Today
Editor Picks
Curator Picks
Quizzes by...
Day
Popularity
Type
Ratings
Length
Year
Community
Subscriptions
Recent Discussions
Orange Saloon
Badges
Playlists
Quests
Create
Leaderboards
Showdown
Live 5
Trivia Bingo
Activity
Puzzle Library
Sporcle Events
Private Events
Virtual Trivia
Globe League
Become a Host
Pub Owners
SporcleCon
Opinionation
Our Games
Videos
Blog
Mobile Apps
Partnerships
Remove Ads and Go Orange
Feedback
Television
TV Characters
TV Show
Sitcom
Network
Friends
Reality Shows
Cast
South Park
Star Trek
The Simpsons
Doctor Who
Television
TV Characters
TV Show
Sitcom
Network
Friends
Reality Shows
Cast
South Park
Star Trek
The Simpsons
Doctor Who
Random Quiz
Search Sporcle
×
Quiz Lab
Quiz Lab
Television
Quote
Type in answers that appear in a list
Type in answers that appear in a list
Classic
Best Score? Go Orange.
Psych - Shawn and Juliet Stats
Can you name the Psych - Shawn and Juliet ?
By
psychokarlee
5m
19 Questions
199 Plays
199 Plays
199 Plays
Comments
Comments
Give Quiz Kudos
Give Quiz Kudos
-
- Ratings
hide this ad
More Info
Replay
Link that replays current quiz
Next Quiz
Link to next quiz in quiz playlist
You Got
0%
They Got
Avg Score
53%
Avg Friend Score
Upgrade to see
Score Distribution
Jump to the score distribution portion of the page
Score
0/19
Timer
05:00
0
Plays Today
Moment/Quote
Episode Name
% Correct
Juliet asks Shawn out
An Evening with Mr. Yang
72.4%
Shawn lets Juliet get away ('I'm so sorry...for snapping at you earlier.')
An Evening with Mr. Yang
72.4%
Shawn finds Juliet's missing college boyfriend
A Very Juliet Episode
70.9%
They have a couple's skate
Talk Derby to Me
69.8%
Very Close Talking
Bounty Hunters
67.8%
First Meeting
Spellingg Bee
63.8%
Shawn says 'I Love You' over the phone
Shawn Takes a Shot in the Dark
63.3%
Shawn, albeit drunkenly, asks Juliet to move in with him
Last Night Gus Got Game
61.3%
Their First Kiss
One Maybe Two Ways Out
57.3%
Shawn...Almost confesses his feelings (cereal box speech)
Death is in the Air
57.3%
Moment/Quote
Episode Name
% Correct
Shawn 'saves' Juliet from an axe fight
Scary Sherry: Bianca's Toast
50.8%
Ballpark franks and a stroll on the boardwalk
Gus Walks Into a Bank
48.7%
They Become a couple
Extradition II: The Actual Extradition Part
43.2%
'I will protect you.' 'And I'll protect you right back.' 'I think you're swell.'
Yang 3 in 2D
40.2%
The Ladder scene, talking about love curses
Bollywood Homicide
39.7%
'You gave me the kick in the pants I needed to get going.' 'I would never kick you in the pants.' 'You didn't give up.' 'And I'll never give up.'
Romeo and Juliet and Juliet
38.2%
Juliet checks out Shawn's butt
Any Given Friday Night at 10pm/9pm Central
35.7%
Shawn gives her a 'palm reading'
Speak Now or Forever Hold Your Piece
29.1%
'Yeah...pretty much perfect...'
Murder, Anyone? Anyone? Bueller?
27.6%
Quiz Playlist
Details
Report
Send in Message
Add To Playlist
More Info:
Sorry, I realize that a lot of them are pretty vague. I hope you enjoy it nevertheless.
Classic:
Type in answers that appear in a list
Last Updated: Feb 16, 2017
Quiz Scoreboard
CHALLENGE
Sign Up to Join the Scoreboard
Show All
Scores
Hide
Comments
May contain spoilers
Recently Published
Two Season TV Shows II
by 123Four
Television
10m
Image Sorting: Flags VI
by Barbecue
Geography
2m
Find the 'City' Movie
by crazypaving
Movies
60s
More to Explore
Quiz From the Vault
Featured Blog Post
14 Easter Pick-up Lines to Find Eggs With
hide this ad
You Might Also Like...
Tags
Quote Quiz
episode
juliet
moment
Psych
Shawn
Today's Top Quizzes in Television
Browse Television
hide this ad
Today's Top Quizzes in Quote
Browse Quote
Top Contributed Quizzes in Television
1
Survivor Journey Challenge
2
Adjectives in 00s TV Shows
3
Brooklyn Nine Nine Logic Puzzle (How-To-Play)
4
Even More Two Season TV Shows
5
Total Drama Characters
6
Survivor Logic Puzzle: Heroes vs. Villains
7
Adjectives in 10s TV Shows
8
Survivor Heroes vs. Villains Logic Puzzle
9
Phoebe Buffay Quotes
10
Survivor Seasons
Explore More
Trending Topics
Disney
Marvel
Anime
Kpop
Crossword
Harry Potter
NBA
Country
Pokémon
Puzzle
Song
Soccer
NFL
WWE
The Office
hide this ad
More By:
psychokarlee
Quiz
Plays
Rating
Category
Featured
Created
Twenty One Pilots - Migraine Lyrics
17,007
1.84
Music
Jan 24, 2014
Psych - Typing Quiz
959
3.67
Television
Apr 21, 2012
Name 50 Random Psych Characters Besides the Main Six
917
2.00
Television
Sep 8, 2011
Psych - Shules Hospital Scene Dialog
415
5.00
Television
Apr 12, 2012
Psych - Very Close Talking Dialog
259
5.00
Television
Apr 12, 2012
Go to Creator's Profile
Score Distribution
Quiz Creator Spotlight
psychokarlee
Follow
Send a Message
Quizzes Created
-
Created Quiz Play Count
-
More By This Creator
Popular Quizzes Today
1
Find the US States - No Outlines Minefield
2
Colored Red Africa Blitz
3
Find the 'City' Movie
4
5x2 Blitz: Bands
5
The Countries of the World
6
Find the Countries of Europe - No Outlines Minefield
7
Find the US States
8
US States
More Television Quizzes
Firefly Characters
Published
Trending Quizzes
Colored Red Europe Blitz I
Colored Red Africa Blitz II
Colored Red Europe Blitz II
Colored Red Europe Blitz III
Colored Red Africa Blitz III
Recently Updated
How Do You Spell That?
pecheneg
Godzilla Movies
pecheneg
Grab Bag: 4-10 Letters
pecheneg
2024 March Madness Bracket
pecheneg
Famous TV Couples
Peacemaker
Champions League XIs: Real Madrid
pecheneg
Largest US Cities 1790-2010
pecheneg
Rides in Walt Disney World
pecheneg
Most Oscar Losses (Acting)
pecheneg
Beyoncé Albums
pecheneg
Trending Topics
Marvel
Anime
Crossword
NBA
Disney
Kpop
Harry Potter
The Office
Puzzle
Soccer
Pokémon
NFL
WWE
Country
Song
Your Account Isn't Verified!
In order to create a playlist on Sporcle, you need to verify the email address you used during registration. Go to your
Sporcle Settings
to finish the process.
Report this User
Report this user for behavior that violates our
Community Guidelines
.
Details:
Send Report
Go to the Sporcle.com Mobile Site →
Comments